000 00478nam a2200133Ia 4500
008 100328s9999 xx 000 0 und d
082 _b54191
100 _aआपटे श्री.स.
245 _aमोटारीची निगा व दुरुस्ती
260 _bउदयम
630 _aमोटारीची निगा व दुरुस्ती
730 _aमोटारीची निगा व दुरुस्ती
942 _cBOOK
999 _c540911
_d540908